000 00812nam0a22002411 4500
001 rc\2902146
005 20260607064208.0
035 _a(NLR Aleph) 007053421
090 _a6213654
_c6213654
100 _a20110803d1939 |||y0rusy50 ca
101 0 _arus
102 _aRU
105 _aach z |||||
200 1 _aДраматургия и театр А.С. Пушкина
_fН.Н. Арденс
210 _aМосква
_cСоветский писатель
_d1939
215 _a284 с., 5 вкл. ил. и портр.
_cил., факс.
_d20 см
700 1 _8rus
_7ca
_aАпостолов
_bН. Н.
_f1890-1974
_gНиколай Николаевич
_3RU\NLR\AUTH\7711852
_9121587
801 0 _aRU
_bNLR
_gpsbo
801 1 _aRU
_bELAR
_2rusmarc
852 _aNLR
_j39-3/821
942 _cBOOK
980 _aNB